Museo Whitney de Arte Americano

Sparad:
Bibliografiska uppgifter
Huvudupphovsman: Baur, John I. H (Författare, medförfattare)
Materialtyp: Bok
Språk:spanska
Publicerad: Madrid Codex 1967
Serie:El Mundo de los Museos
Ämnen:
Taggar: Lägg till en tagg
Inga taggar, Lägg till första taggen!

MARC

LEADER 00000cam a2200000 a 4500
001 UCZ3681
003 CL-VaPUC
008 951027e19670000SP |||||||||||||||||spa|d
082 0 4 |a 708.13  |b BAU  |2 21 
100 0 |a Baur, John I. H  |e author  |9 347512 
245 1 0 |a Museo Whitney de Arte Americano 
300 |a 86 p 
942 |c BK 
945 |d 19951027 00:00:00  |a rleighto 
260 |a Madrid  |b Codex  |c 1967 
650 0 |a Bellas artes  |9 334299 
650 0 |a Museos  |9 269209 
650 0 |a Pintura  |9 265046 
650 7 |a CUADROS  |2 CL-VaPUC  |9 347513 
650 0 |a Pintores   |9 265963 
650 0 |a Artes gráficas  |9 265865 
650 0 |a Cultura  |9 269059 
651 0 |a Estados Unidos  |9 255178 
583 |a last modification  |c 20131206 02:15:05  |k Rodrigo Vera 
490 0 |a El Mundo de los Museos 
999 |c 240131  |d 240129 
952 |0 0  |1 0  |4 0  |6 708_130000000000000_BAU_1967  |7 0  |8 A  |9 251767  |a BIBARQ  |b BIBARQ  |d 2019-11-18  |i 3145506  |o 708.13 BAU 1967  |p 3145506  |r 2025-01-20  |w 2019-11-18  |y BK  |k ARQ 
952 |0 0  |1 0  |3 erb  |4 0  |6 708_130000000000000_BAU_1967  |7 0  |8 A  |9 251768  |a BIBART  |b BIBART  |i 5028698  |o 708.13 BAU 1967  |p 5028698  |r 2025-03-13  |w 2019-11-18  |y BK  |z Catalogado en:20131206  |k ART 
952 |0 0  |1 0  |3 erd  |4 0  |6 708_130000000000000_BAU_1967  |7 0  |8 A  |9 251769  |a FDOHBE  |b FDOHBE  |e Huesbe Llanos, Marco Antonio, 1934-  |i 5334268  |o 708.13 BAU 1967  |p 5334268  |r 2024-01-30  |w 2019-11-18  |y BK  |z Catalogado en:20160708  |k HBE